000 00522nam a22001817a 4500
008 150609b xxu||||| |||| 00| 0 eng d
041 0 _aeng
080 _a98
245 0 0 _aThe Alaskans /
_cby the editors of Time-Life Books ; with text by Keith Wheeler.
260 _aAlexandria, Va. :
_bTime-Life Books,
_cc1977.
300 _a240 f. :
_bme il. ;
_c29 cm.
490 _aThe Old West
500 _aIndex: 238-240
650 0 _aThe Alaskans
650 0 _aPopujt e Alaskes
700 1 _aWheeler, Keith.
942 _2udc
_cBK
999 _c1013
_d1013